Most Common Numbers in JetPunk Quiz Titles - Statistics

General Stats
  • This quiz has been taken 37 times
  • The average score is 15 of 18
Answer Stats
Instances Examples Number % Correct
623 #X NBA Basketball Draft PicksSpeed Math - X Digit Addition US Presidents - X Minute Sprint 1
100%
188 Top XX Most Populous European Countries Top XX Biggest African Countries by Area World Map with XX Random Extra Borders 10
100%
589 Street Fighter X Characters Quiz Disney's Frozen X - Into the Unknown Lyrics European Countries by First X Letters 2
100%
212 NBA All Time Leaders in X Pointers MadeGroups of Countries that Start with the Same X Letters
Formula 1: top X in Driver's Championship
3
100%
116 FIFA World Cup Top X PositionsTop X in English Football, 1888-2024 Country Names Created by Only X Letters 4
93%
76 Top X Best NBA Teams Since 2010X Largest Cities for Every Letter on Map
X Most Populous Cities in Each Country With a Map
5
93%
36 Pre XXXXs Artists in the Top 500 on Spotify XXXXs Catchphrases
"Big Five" European Soccer Champions Since XXXX
2000
86%
35 X Deadly Sins QuizName the X Dwarves The X Wonders of the Ancient World 7
86%
61 English Premier League XXX Goals ClubXXX Most Common English Words
Fast Typing Test - XXX WPM Challenge
100
82%
35 MLB Baseball XX Win PitchersWorld Map Without XX Random Countries
Periodic Table Quiz - First XX Elements
20
82%
39 X-Letter Geography Chain #1Brand Logos Quiz #X
General Knowledge Quiz #X
6
82%
20 XX Apostles of Jesus The XX Tribes of Israel XX x XX Multiplication Table in 2 Minutes 12
79%
30 XXXXs CatchphrasesCurrent Events by Year, XXXX-2009 Music by Year, XXXX-2009 1990
79%
29 XXXX FIFA World Cup TeamsU.S. Celebrity Gossip by Year, XXXX-present
Music by Year, XXXX-present
2010
79%
25 XX States, XX Cities - Easy Version XX Home Runs in a Season Club Top XX Countries by Population - In Order 50
79%
26 12 Months in XX SecondsMost Keystrokes - XX Second Sprint XX Largest Cities in Europe With a Map 15
75%
27 1970s... or XXXXs XXXXs WWF Wrestlers Quiz XXXXs Catchphrases 1980
75%
25 Mario Kart X Deluxe TracksBrand Logos Quiz #X Geography General Knowledge Quiz #X 8
75%
No matching quizzes found
Score Distribution
Percent of People with Each Score
Percentile by Number Answered
Your Score History
You have not taken this quiz